Chthulucene : sopravvivere su un pianeta infetto /

Cosa succede quando il genere umano, dopo aver irrimediabilmente alterato gli equilibri del pianeta Terra, smette di essere il centro del mondo? E nel pieno della crisi ecologica, che relazioni è possibile recuperare non solo tra individui umani, ma tra tutte le specie che il pianeta lo abitano? In...

Description complète

Enregistré dans:
Détails bibliographiques
Auteur principal: Haraway, Donna J. (Auteur)
Autres auteurs: Ciccioni, Clara (Traducteur), Durastanti, Claudia (Traducteur)
Format: Livre
Langue:italien
Publié: Roma : NERO, 2019
Collection:Not ; 15
Sujets:
Tags: Ajouter un tag
Pas de tags, Soyez le premier à ajouter un tag!

MARC

LEADER 00000nam a22000007i 4500
001 IT\ICCU\UBO\4410677
003 ItRI
005 20260115232146.0
008 191001s2019 it |||||| ||||| |||||c
020 |a 9788880560449 
040 |b ita  |c importazione bologna sebina 
041 7 |a ita  |2 ISO-639-2 
082 |a 304.2  |9 ECOLOGIA UMANA  |2 21 
100 1 |a Haraway, Donna J.  |0 IT\ICCU\MILV\091836  |4 aut 
240 1 0 |a Staying with the trouble  |3 IT\ICCU\UBO\4410678  |9 Haraway, Donna J. 
245 1 0 |a Chthulucene :  |b sopravvivere su un pianeta infetto /  |c Donna Haraway ; traduzione di Claudia Durastanti e Clara Ciccioni. 
260 |a Roma :  |b NERO,  |c 2019 
300 |a 283 p. :  |b ill. ;  |c 22 cm 
520 |a Cosa succede quando il genere umano, dopo aver irrimediabilmente alterato gli equilibri del pianeta Terra, smette di essere il centro del mondo? E nel pieno della crisi ecologica, che relazioni è possibile recuperare non solo tra individui umani, ma tra tutte le specie che il pianeta lo abitano? In questo testo che si ispira tanto alla fantascienza quanto alla grande lezione del femminismo radicale, Donna Haraway ci ricorda che tutto è interconnesso, tutto è contaminato, tutto ci riguarda. Contro i semplicismi delle discussioni sull'antropocene, Chthulucene immortala la centralità di Donna Haraway tra i più importanti e originali pensatori del nostro tempo. 
650 7 |a Ecologia umana 
700 1 |a Ciccioni, Clara  |0 IT\ICCU\MODV\645357  |4 trl 
700 1 |a Durastanti, Claudia  |0 IT\ICCU\LO1V\369239  |4 trl 
790 1 |a Haraway, Donna Jeanne  |3 IT\ICCU\USMV\982470  |z Haraway, Donna J. 
830 0 |a Not ;  |v 15  |0 IT\ICCU\UTO\1280632 
942 |2 ddc  |c BK  |n 0 
952 |0 0  |1 0  |4 0  |6 DOC_304_200000000000000_HAR  |7 0  |9 21093  |a BO  |b BO  |d 2026-01-15  |i 19297  |l 0  |o DOC 304.2 HAR  |p BO19297  |r 2026-01-15 23:21:46  |w 2026-01-15  |x [Sebina 5] [1 v.]  |y BK  |z 1 v. 
999 |c 18025  |d 18025